| 000 | 01351nam a22003737a 4500 | ||
|---|---|---|---|
| 001 | 4413997 | ||
| 003 | OSt | ||
| 005 | 20210426121736.0 | ||
| 008 | 930318s1993 cau b 001 0 eng | ||
| 010 | _a 93010373 | ||
| 020 | _a0804721343 (alk. paper) : | ||
| 020 | _a0804722471 (pbk. : alk. paper) : | ||
| 040 |
_aDLC _cDLC _dDLC _beng |
||
| 041 | _aeng | ||
| 043 | _ae-ur--- | ||
| 050 | 0 | 0 |
_aDK266.3 _b.S86 1993 |
| 080 |
_a94 _bS-92 |
||
| 082 | 0 | 0 |
_a320.5/4/0947 _220 |
| 100 | 1 | _aSuny, Ronald Grigor. | |
| 245 | 1 | 4 |
_aThe revenge of the past : _bnationalism, revolution, and the collapse of the Soviet Union / _c/ by: Stanford University Press |
| 260 |
_aStanford, Calif. _bStanford University Press _cc1993. |
||
| 300 |
_axix, 200 p. _c23 cm. |
||
| 365 | _b29.50 usd | ||
| 504 | _aIncludes bibliographical references and index. | ||
| 650 | 0 |
_aNationalism _zSoviet Union. |
|
| 650 | 0 |
_aHistory _9252 |
|
| 651 | 0 |
_aSoviet Union _xHistory. |
|
| 653 | _aისტორია | ||
| 653 | _aსაბჭოთა კავშირი | ||
| 856 | 4 | 2 |
_3Publisher description _uhttp://www.loc.gov/catdir/description/cam025/93010373.html |
| 906 |
_a7 _bcbc _corignew _d1 _eocip _f19 _gy-gencatlg |
||
| 942 |
_2udc _cBK |
||
| 999 |
_c1049 _d1049 |
||